000 01046nam a2200313 c 4500
001 18690
003 ES-MaCES
005 20141221122546.0
008 060407s2005 sp 100 | spa d
035 _aCES20060003575m
040 _aES-MaCES
_bspa
_cES-MaCES
100 1 _aBoada Pallarés, Claudio
_97938
245 1 4 _aLas reformas estructurales pendientes de la economía española
_cClaudio Boada Pallerés
260 _aMadrid
_bCírculo de Empresarios
_c[2005]
300 _a31 p.
_c23 cm
490 1 _aConferencias del Círculo
_v5
500 _aConferencia en el Club Siglo XXI, 29 de noviembre de 2004
541 _cGratuito
650 4 _acambio estructural
_930042
650 4 _areforma económica
_929791
650 4 _aEspaña
_926964
650 4 _aconferencia
_927013
653 1 0 _aCondiciones económicas
710 2 _aCírculo de Empresarios
_eed.
_91954
830 0 _aConferencias del Círculo
_v5
_933894
902 _aDOC Literatura gris
942 _2CES
_cBK
_h0.0.
999 _c18690
_d18690